ბათუმის შოთა რუსთაველის სახელმწიფო უნივერსიტეტის ბიბლიოთეკა

ბაგრატიონთა დასახლება და მოღვაწეობა რუსეთში (ბიბ.ჩანაწერი № 34577)

000 -LEADER
fixed length control field 00745nam a2200205Ia 4500
001 - CONTROL NUMBER
control field 338
003 - CONTROL NUMBER IDENTIFIER
control field GE_BSU
008 - FIXED-LENGTH DATA ELEMENTS--GENERAL INFORMATION
fixed length control field 181216s||||||||xx |||||||||||||| ||und||
040 ## - CATALOGING SOURCE
Transcribing agency GE_BSU
100 ## - MAIN ENTRY--PERSONAL NAME
Personal name გონიკიშვილი,მიხეილ
245 ## - TITLE STATEMENT
Title ბაგრატიონთა დასახლება და მოღვაწეობა რუსეთში
245 ## - TITLE STATEMENT
Statement of responsibility, etc. რედ. თოგოშვილი გ.
260 ## - PUBLICATION, DISTRIBUTION, ETC.
Place of publication, distribution, etc. თბილისი
260 ## - PUBLICATION, DISTRIBUTION, ETC.
Name of publisher, distributor, etc. მეცნიერება
260 ## - PUBLICATION, DISTRIBUTION, ETC.
Date of publication, distribution, etc. 1986
300 ## - PHYSICAL DESCRIPTION
Extent 326გვ.
653 ## - INDEX TERM--UNCONTROLLED
Uncontrolled term ბაგრატიონთა დასახლება და მოღვაწეობა რუსეთში
942 ## - ADDED ENTRY ELEMENTS (KOHA)
Koha item type წიგნი
ეგზემპლარები
Withdrawn status Lost status Damaged status Not for loan Date acquired Barcode Date last seen Price effective from Koha item type
        2018-12-17 1203 2018-12-17 2018-12-17 წიგნი